| 000 | 00828nam a2200265 a 4500 | ||
|---|---|---|---|
| 003 | MX-MxUPN | ||
| 005 | 20230218063624.0 | ||
| 008 | 190814s2005 cl a rb 000 0 spa d | ||
| 020 | _a9568302603 | ||
| 035 | _aUPN01000232008 | ||
| 040 |
_aMX-MxUPN _bspa _cMX-MxUPN |
||
| 041 | 0 | _aspa | |
| 050 | 1 | 4 |
_aLC1099 _bK35 2005 |
| 100 | 1 |
_aKaluf F. Cecilia _946973 |
|
| 245 | 1 | 0 |
_aDiversidad cultural : _bmateriales para la formación docente y el trabajo de aula |
| 260 |
_aSantiago, Chile. : _bOREALC/UNESCO, _c2005. |
||
| 300 |
_a529 páginas : _bilustraciones |
||
| 504 | _aIncluye referencias bibliográficas. | ||
| 650 | 4 |
_aEducación multicultural _91565 |
|
| 650 | 4 |
_aEducación inclusiva _97100 |
|
| 650 | 4 |
_aPluralismo cultural _947427 |
|
| 902 | _aVíctor Ruiz/051022 | ||
| 942 |
_2lcc _cLIBRO |
||
| 999 |
_c204103 _d204103 |
||